Click a J. B. Quiz Stats

 Plays Quiz Updated May 3, 2015

Also try: Click a John
Challenge
Share
Tweet
Embed
Score 0/22 Timer 06:00
2 Plays Today
% Correct
Jessica Biel
93.7%
Jeb Bush
93.2%
Jack Black
93.1%
Joe Biden
92.7%
James Brown
92.3%
Johannes Brahms
92.1%
James Buchanan
91.9%
John Belushi
91%
Jeff Bridges
88.7%
Judy Blume
88%
Jerry Bruckheimer
85.7%
% Correct
Jim Bowie
78.7%
Joan Baez
75.1%
Jack Benny
72.7%
Joyce Brothers
71.5%
John Bonham
67.3%
Jeff Bezos
67.2%
James Brady
66.2%
Johnny Bench
64.9%
Jerry Buss
59.3%
Jim Backus
59%
Jack Bruce
48%

You're not logged in!

Compare scores with friends on all Sporcle quizzes.
OR
Log In

You Might Also Like...

Show Comments

Extras

Top Quizzes Today


Score Distribution

Your Account Isn't Verified!

In order to create a playlist on Sporcle, you need to verify the email address you used during registration. Go to your Sporcle Settings to finish the process.

Report this User

Report this user for behavior that violates our Community Guidelines.

Details: